Economics, Power and Culture Essays in the Development of Radical Institutionalism

Salvato in:
Dettagli Bibliografici
Autore principale: Stanfield, James Ronald
Natura: Libro
Lingua:inglese
Pubblicazione: New York St. Martin's Press 1995
Edizione:1. ed.
Soggetti:
Tags: Aggiungi Tag
Nessun Tag, puoi essere il primo ad aggiungerne!!

MARC

LEADER 00000nam a2200000 4500
001 c019740
005 20221205132913.1
020 |a 0-312-12208-X 
041 0 |a eng 
044 |a US 
245 1 0 |a Economics, Power and Culture  |b Essays in the Development of Radical Institutionalism  |c James Ronald Stanfield 
250 |a 1. ed. 
264 1 |a New York  |b St. Martin's Press  |c 1995 
300 |a 236 s. 
610 2 0 |a inštitucionalizmus 
610 2 0 |a teórie ekonomické 
610 2 0 |a radikalizmus 
610 2 0 |a ekonómia politická 
100 1 |a Stanfield, James Ronald